000 00423nam a2200181Ia 4500
001 3267
005 20260306144908.0
008 260306t1995||||xx |||||||||||||| ||spa||
041 _aESP
082 _a262.91
_bJ81E
100 _aJuan Pablo II
_eAUT
245 0 _aCarta encíclica Evangelium Vitae
260 _c1995
300 _a195 páginas :
_c20 cm.
650 _aGEN
654 _aCHU
942 _cLIB
_dJUS
_fJUS
_2ddc
_n
999 _c3267
_d3267